| 000 | 00499nmm a2200157Ia 4500 | ||
|---|---|---|---|
| 008 | 251105s9999||||xx |||||||||||||||||und|| | ||
| 041 | _aspa | ||
| 100 | _aAlemany, Carmen | ||
| 245 | 0 | _aBesos de un desconocido (Serie Identidades ocultas 2) | |
| 264 |
_a[Madrid, España] : _bTerciopelo, _c[Fecha de publicación no identificada] |
||
| 300 | _a0 páginas | ||
| 490 | _aSerie Identidades ocultas | ||
| 650 | _aRomance | ||
| 856 | _uhttps://public.digitaliapublishing.com/a/122505 | ||
| 942 | _cCF | ||
| 999 |
_c100632 _d100632 |
||